Music Quiz

Random Music or Kpop Quiz

Match K-Pop Group with their debut song Quiz Stats

Quiz not verified by Sporcle

Challenge
Share
Tweet
Score 0/30 Timer 07:00
0 Plays Today
% Correct
BLACKPINK
99.4%
Twice
97.5%
BTS
97.3%
Wanna One
96.8%
GOT7
96.8%
NCT 127
96.6%
EXO
95.8%
Red Velvet
94.6%
Seventeen
94.1%
Stray Kids
93.1%
Pristin
92.2%
Weki Meki
91.1%
GFriend
89.5%
Monsta X
89%
Astro
88.1%
% Correct
Pentagon
87.5%
iKON
87.3%
Winner
85.3%
B.A.P
85%
Mamamoo
83.1%
CLC
82.2%
VIXX
80.5%
Block B
79.5%
Lovelyz
79.5%
BTOB
79.2%
Oh My Girl
79.1%
EXID
79%
WJSN
78.8%
gugudan
78.6%
Apink
77.3%

You're not logged in!

Compare scores with friends on all Sporcle quizzes.
Join for Free
OR
Log In

You Might Also Like...

Show Comments

Extras

Created Apr 22, 2018ReportNominate
Tags:Kpop Quiz, k-pop, Kpop Quiz

Top Quizzes Today


Score Distribution

Your Account Isn't Verified!

In order to create a playlist on Sporcle, you need to verify the email address you used during registration. Go to your Sporcle Settings to finish the process.

Report this User

Report this user for behavior that violates our Community Guidelines.

Details: